000
00198nam a2200097 4500
082
_a
KHA
100
_a
Khan, G.A
245
_a
Chemistry Part 2
260
_a
Lahore:
_b
Jadeed Book,
_c
1979.
942
_c
BK
999
_c
13170
_d
13170